000
00209 a2200085 4500
110
_a
Population Reference Bureau
245
_a
Reproductive Health in Sub-Saharan Africa
260
_a
USA
_c
2008
942
_c
PERIODICAL
999
_c
2640
_d
2640